000 00426nam a2200181Ia 4500
001 10230
005 20260306161816.0
008 260306t1985||||xx |||||||||||||| ||spa||
041 _aESP
082 _a909.08
_bC75
100 _aColón, Cristóbal
_eAUT
245 0 _aDiario . Relaciones de viajes
260 _c1985
300 _a224 páginas :
_c20 cm.
650 _aGEN
654 _aCHU
942 _cLIB
_dJUS
_fJUS
_2ddc
_n
999 _c10230
_d10230